000 00841cam a22002653a 4500
001 16256
003 PGUSA
005 20140828083340.0
008 050710s2005||||xxu|||||s|||||000 | eng d
040 _aPGUSA
_beng
042 _adc
050 4 _aHF
050 4 _aT
100 1 _aGilbreth, Lillian Moller,
_d1878-1972
245 1 4 _aThe Psychology of Management :
_bThe Function of the Mind in Determining, Teaching and Installing Methods of Least Waste
_h[electronic resource] /
_cLillian Moller Gilbreth
260 _bProject Gutenberg,
_c2005
506 _aPublic domain in the USA.
516 _aElectronic text
653 _aPsychology, Industrial
653 _aIndustrial efficiency
653 _aIndustrial management
830 0 _aProject Gutenberg
_v16256
856 4 0 _uhttp://www.gutenberg.org/ebooks/16256
942 _cEB
999 _c245511
_d245511